| 000 | 00528nam a2200217Ia 4500 | ||
|---|---|---|---|
| 003 | OSt | ||
| 005 | 20241010105707.0 | ||
| 008 | 210210b1890 xxu||||| |||| 00| 0 eng d | ||
| 040 | _cAL | ||
| 041 | _aeng | ||
| 082 | _a823/58 | ||
| 100 |
_aSHAKESPEARE (William) _969347 |
||
| 245 | _aCymbeline | ||
| 260 |
_aLondon _bMacmillan & Co. Ltd. _c1890 |
||
| 650 |
_aCymbeline _969348 |
||
| 650 |
_aCoriolanus _969349 |
||
| 690 |
_aEnglish Drama _969350 |
||
| 700 |
_aDEICHTON (K) Ed _969351 |
||
| 906 | _a013610 | ||
| 942 |
_2ddc _cBK |
||
| 999 |
_c132513 _d132513 |
||